عالم بدون إيدز : (Record no. 16003)

MARC details
000 -الفاتح
حقل البيانات ثابتة الطول 00896nam a22002057a 4500
008 - عناصر البيانات ثابتة الطول - معلومات عامة
حقل البيانات ثابتة الطول 110912s198؟ enk|||||r|||| 00| 0 ara d
020 ## - الرقم الدولى المعيارى للكتب
الرقم الدولى المعيارى للكتاب 0942517148
082 ## - رقم تصنيف ديوى العشرى
رقم الطبعة 22
رقم التصنيف 616.978
رقم المادة ش ا ي
100 ## - المدخل الرئيسى - إسم شخصى
9 (RLIN) 27128
الإسم الشخصى شايتو ، ليون
245 ## - بيان العنوان
العنوان عالم بدون إيدز :
بقية العنوان الطريقة الصحية المثيرة للمعالجة الشاملة /
بيان المسئوليه,etc ليون شايتو، سيمون مارتن
260 ## - PUBLICATION, DISTRIBUTION, ETC. (IMPRINT)
مكان الناشر او الموزع لندن :
اسم الناشر او الموزع ثورسونز، [198?
تاريخ النشر أو التوزيع [198?]
300 ## - الوصف المادى
التعداد 271 ص ؛
أبعاد الوعاء 24 سم
650 ## - المدخل الاضافى بالموضوع-مصطلح موضوعى
9 (RLIN) 27131
مصطلح موضوعي أو اسم جغرافي كعنصر مدخل الإيدز
650 ## - المدخل الاضافى بالموضوع-مصطلح موضوعى
9 (RLIN) 27132
مصطلح موضوعي أو اسم جغرافي كعنصر مدخل الأمراض التناسلية
650 ## - المدخل الاضافى بالموضوع-مصطلح موضوعى
9 (RLIN) 27133
مصطلح موضوعي أو اسم جغرافي كعنصر مدخل الشذوذ الجنسي
650 ## - المدخل الاضافى بالموضوع-مصطلح موضوعى
9 (RLIN) 27137
مصطلح موضوعي أو اسم جغرافي كعنصر مدخل المناعة ، علم
700 ## - المدخل الاضافى - اسم شخصى
9 (RLIN) 27130
الإسم الشخصى مارتن ، سيمون
942 ## - عناصر المدخل الإضافي( كوها)
مصدر التصنيف او مخطط الترفيف Dewey Decimal Classification
Koha [default] item type Book - Borrowing
Holdings
حالة التراجع حالة الفقد مصدر التصنيف او خطة الترفيف حالة تلف ليس للاعارة مجموعات كوها المكان الدائم المكان الحالي موقع الترفيف تاريخ الاكتساب Source of acquisition رقم الاستدعاء الباركود Date last seen نوع الوعاء
    Dewey Decimal Classification     Alef-Baa Central Library Central Library First floor 12/09/2011   616.978 ش ا ي 000024694 15/07/2025 Book - Borrowing